000 00303nam a22001337a 4500
008 171102b xxu||||| |||| 00| 0 eng d
020 _a9780078137211
041 _aeng
080 _27 ED
_a339.9
100 _a59
101 _aGLO
245 _aGLOBAL BUSINESS TODAY
_c002-2936533
942 _2udc
_cBK
999 _c37206
_d37206